[Event "8�me open de Quimper 2017"]
[Site "Quimper"]
[Date "2017.10.28"]
[Round "5.11"]
[White "Rannou, Noel"]
[Black "Ottl, Eric"]
[Result "1-0"]
[WhiteElo "1457"]
[BlackElo "1587"]
[PlyCount "101"]
[EventDate "2017.??.??"]

1. c4 g6 2. d4 Bg7 3. Nf3 Nf6 4. Bd2 O-O 5. Bc3 d5 6. Nbd2 Nc6 7. cxd5 Nxd5 8.
e3 Nxc3 9. bxc3 Re8 10. Bb5 Bd7 11. O-O a6 12. Ba4 Nb8 13. Bb3 c5 14. Rc1 cxd4
15. cxd4 Nc6 16. Nc4 Na5 17. Nxa5 Qxa5 18. Rc5 Qb6 19. Qd2 Rac8 20. Rfc1 Be6
21. Ng5 Rxc5 22. dxc5 Qc6 23. Nxe6 fxe6 24. Qb4 Rc8 25. Qc4 Kf7 26. Qf4+ Bf6
27. e4 Ke8 28. e5 Qc7 29. Bxe6 Rd8 30. Qa4+ Kf8 31. exf6 exf6 32. Qb4 Kg7 33.
Qb6 Qf4 34. Qxb7+ Kh6 35. Rf1 Rb8 36. Qxa6 Qe4 37. Bb3 Qe5 38. Qd6 Qe8 39. Qxf6
Rb4 40. c6 Rb6 41. Qf4+ Kg7 42. Qd4+ Kh6 43. Qxb6 g5 44. c7+ Kh5 45. Bd1+ g4
46. Qc5+ Kh4 47. g3+ Kh3 48. Bxg4+ Kxg4 49. c8=Q+ Qe6 50. f3+ Kh3 51. Qh5# 1-0

[Event "8�me open de Quimper 2017"]
[Site "Quimper"]
[Date "2017.10.28"]
[Round "5.12"]
[White "Menez, Jean-Pierre"]
[Black "Cresswell, Patrick"]
[Result "0-1"]
[WhiteElo "1399"]
[BlackElo "1483"]
[PlyCount "74"]
[EventDate "2017.??.??"]

1. d4 d5 2. Bf4 Nf6 3. e3 Bf5 4. h3 e6 5. Nf3 Bd6 6. Ne5 Nbd7 7. Nd2 Bxe5 8.
dxe5 Ne4 9. Qe2 a6 10. h4 h5 11. f3 Nxd2 12. Qxd2 c5 13. Bd3 Bxd3 14. Qxd3 Qa5+
15. c3 c4 16. Qd4 Nc5 17. O-O Nd3 18. b3 b5 19. Rfb1 Rb8 20. b4 Qb6 21. a4 Qxd4
22. cxd4 O-O 23. g3 c3 24. e4 Rfc8 25. a5 c2 26. Bc1 cxb1=Q 27. Rxb1 Rxc1+ 28.
Rxc1 Nxc1 29. exd5 exd5 30. g4 hxg4 31. fxg4 Rc8 32. Kg2 Rc3 33. g5 Kh7 34. h5
Ne2 35. g6+ fxg6 36. e6 Re3 37. Kf2 Rxe6 0-1

[Event "8�me open de Quimper 2017"]
[Site "Quimper"]
[Date "2017.10.28"]
[Round "5.13"]
[White "Le Coz, Yannick"]
[Black "Ollivier, Alain"]
[Result "0-1"]
[WhiteElo "1300"]
[BlackElo "1556"]
[PlyCount "86"]
[EventDate "2017.??.??"]

1. e4 e6 2. Nc3 d5 3. exd5 exd5 4. d4 Bb4 5. Nge2 Ne7 6. a3 Ba5 7. b4 Bb6 8.
Na4 Bg4 9. f3 Bf5 10. g4 Be6 11. Nf4 Qd7 12. Nc5 Bxc5 13. dxc5 Nbc6 14. Nh5
O-O-O 15. Bb2 d4 16. Nxg7 Ng6 17. Nxe6 Qxe6+ 18. Qe2 Qf6 19. Kf2 Qh4+ 20. Kg1
Rhe8 21. Qf2 Qg5 22. h4 Qe3 23. Rd1 Nce5 24. Qxe3 dxe3 25. Rxd8+ Rxd8 26. Rh2
Nxf3+ 27. Kg2 Nxh2 28. Kxh2 e2 29. Bxe2 Rd2 30. Kg3 Rxe2 31. Bf6 Rxc2 32. h5
Nf8 33. Be7 Ne6 34. Kh4 Kd7 35. Bf6 Ra2 36. Bc3 Rxa3 37. Be1 Nd4 38. Bf2 Ne6
39. Be1 a6 40. g5 Ra1 41. Bg3 Rh1+ 42. Kg4 Rg1 43. Kh4 Kc6 0-1

[Event "8�me open de Quimper 2017"]
[Site "Quimper"]
[Date "2017.10.28"]
[Round "5.14"]
[White "Beaudouin, Damien"]
[Black "Bonhomme, Marcel"]
[Result "1-0"]
[WhiteElo "1242"]
[BlackElo "1500"]
[PlyCount "67"]
[EventDate "2017.??.??"]

1. Nf3 Nc6 2. d4 e6 3. Bf4 d5 4. e3 Nf6 5. Bd3 Bd7 6. O-O Be7 7. Nbd2 O-O 8. c4
Re8 9. cxd5 exd5 10. a3 Bg4 11. h3 Bh5 12. Be2 Bg6 13. Nh4 Be4 14. Bf3 h6 15.
Bxe4 Nxe4 16. Nf5 Bg5 17. Nxe4 Bxf4 18. Qg4 Bg5 19. Nxg5 hxg5 20. h4 Qf6 21.
hxg5 Qg6 22. Rae1 Re6 23. f4 Rae8 24. Rf3 Ne7 25. Nxe7+ R6xe7 26. f5 Qd6 27. f6
Re4 28. Qh5 g6 29. Qh6 Qf8 30. Qh2 Qd6 31. g3 Rg4 32. Kf2 Rxg5 33. Qh6 Qf8 34.
Qxg5 1-0

[Event "8�me open de Quimper 2017"]
[Site "Quimper"]
[Date "2017.10.28"]
[Round "5.15"]
[White "Betsch, Eric"]
[Black "Lebon, Marc"]
[Result "1-0"]
[WhiteElo "1494"]
[BlackElo "1180"]
[PlyCount "49"]
[EventDate "2017.??.??"]

1. e4 e5 2. Nf3 Nc6 3. Bc4 Nf6 4. Ng5 d5 5. exd5 Na5 6. Bb5+ Bd7 7. Qe2 Bd6 8.
d4 h6 9. dxe5 hxg5 10. exd6+ Kf8 11. Bxg5 a6 12. Bxd7 Qxd7 13. Nc3 Re8 14. Be3
Qxd6 15. Qd3 Rxh2 16. Rxh2 Qxh2 17. O-O-O Qxg2 18. b4 Rd8 19. bxa5 Nxd5 20.
Nxd5 c6 21. Qa3+ Kg8 22. Ne7+ Kh7 23. Rxd8 Qf1+ 24. Rd1 Qc4 25. Rh1+ 1-0

[Event "8�me open de Quimper 2017"]
[Site "Quimper"]
[Date "2017.10.28"]
[Round "5.16"]
[White "Kerbaol, Jacques"]
[Black "Merkel, Arnaud"]
[Result "1-0"]
[WhiteElo "1460"]
[BlackElo "1518"]
[PlyCount "49"]
[EventDate "2017.??.??"]

1. e4 c5 2. d4 e6 3. Nf3 Nc6 4. dxc5 Bxc5 5. Bd3 d6 6. O-O Nf6 7. c4 O-O 8. Nc3
h6 9. a3 Bd4 10. Nxd4 Nxd4 11. Be3 Nc6 12. f4 b6 13. Qc2 Qe7 14. Be2 e5 15. f5
Bb7 16. Rad1 Rad8 17. Nd5 Nxd5 18. cxd5 Nb8 19. f6 Qd7 20. fxg7 Kxg7 21. Bxh6+
Kxh6 22. Rf6+ Kg7 23. Rdf1 Qe8 24. Qd2 Nd7 25. Qg5+ 1-0

[Event "8�me open de Quimper 2017"]
[Site "Quimper"]
[Date "2017.10.28"]
[Round "6.1"]
[White "Martin, Frederic"]
[Black "Jolly, Jean-Francois"]
[Result "0-1"]
[WhiteElo "1643"]
[BlackElo "2373"]
[PlyCount "48"]
[EventDate "2017.??.??"]

1. c4 e5 2. Nc3 Nc6 3. g3 f5 4. d3 Nf6 5. Bg2 Bb4 6. Bd2 O-O 7. Nh3 d6 8. O-O
Kh8 9. a3 Bxc3 10. bxc3 Bd7 11. Rb1 b6 12. Ng5 Qe8 13. f4 Rb8 14. Qc2 Na5 15.
Bd5 h6 16. Nh3 e4 17. e3 c6 18. Bxe4 fxe4 19. Nf2 Bf5 20. Qd1 exd3 21. g4 Bh7
22. f5 Nxc4 23. Re1 Ne4 24. Nxd3 Nexd2 0-1

[Event "8�me open de Quimper 2017"]
[Site "Quimper"]
[Date "2017.10.28"]
[Round "6.2"]
[White "Stephan, Victor"]
[Black "Ginovart, Camille"]
[Result "1-0"]
[WhiteElo "2329"]
[BlackElo "1677"]
[PlyCount "67"]
[EventDate "2017.??.??"]

1. d4 Nf6 2. c4 g6 3. Nc3 Bg7 4. e4 d6 5. Nf3 O-O 6. Be2 Bg4 7. Be3 Nfd7 8. Rc1
Nc6 9. d5 Bxf3 10. gxf3 Ncb8 11. h4 h5 12. Qd2 Kh7 13. f4 Rh8 14. f5 c6 15.
fxg6+ fxg6 16. f4 Kg8 17. Rg1 Nf8 18. Bd3 Nbd7 19. e5 dxe5 20. Bxg6 exf4 21.
Qg2 Nxg6 22. Qxg6 Qf8 23. Bd4 Nf6 24. Ne4 Qf7 25. Qxf7+ Kxf7 26. Ng5+ Kg8 27.
Ne6 Rh7 28. d6 Kh8 29. Bxf6 Bxf6 30. d7 Bxh4+ 31. Kf1 b6 32. Rd1 Rf7 33. d8=Q+
Rxd8 34. Rxd8+ 1-0

[Event "8�me open de Quimper 2017"]
[Site "Quimper"]
[Date "2017.10.28"]
[Round "6.3"]
[White "Besseghier, Stephane"]
[Black "Le Marec, Simon"]
[Result "0-1"]
[WhiteElo "1691"]
[BlackElo "2211"]
[PlyCount "84"]
[EventDate "2017.??.??"]

1. Nf3 d5 2. g3 Nf6 3. Bg2 e6 4. O-O Be7 5. d4 O-O 6. c4 dxc4 7. Qa4 a6 8. Qxc4
b5 9. Qc2 Bb7 10. Rd1 Be4 11. Qd2 Nbd7 12. Nc3 Bb7 13. a3 c5 14. dxc5 Nxc5 15.
Qxd8 Bxd8 16. Nd4 Bxg2 17. Kxg2 Rc8 18. Bf4 Re8 19. Bg5 h6 20. Be3 Ng4 21. Bd2
Bf6 22. Nf3 Nb3 23. Rab1 Nxd2 24. Rxd2 Bxc3 25. bxc3 Rxc3 26. a4 e5 27. h3 e4
28. Nd4 Nxf2 29. e3 Nd3 30. axb5 axb5 31. Nxb5 Rc6 32. Nd4 Rf6 33. Re2 g6 34.
Ra1 Rb6 35. Rf1 Ra8 36. Rd1 Kg7 37. g4 Ra5 38. Kh2 Rf6 39. Kg2 h5 40. Rf1 Rxf1
41. Kxf1 hxg4 42. hxg4 Rg5 0-1

[Event "8�me open de Quimper 2017"]
[Site "Quimper"]
[Date "2017.10.28"]
[Round "6.4"]
[White "Famel, Edouard"]
[Black "Andre, Marine"]
[Result "1-0"]
[WhiteElo "1753"]
[BlackElo "1737"]
[PlyCount "75"]
[EventDate "2017.??.??"]

1. e4 e5 2. Nf3 Nc6 3. d4 exd4 4. Nxd4 Nf6 5. Nxc6 bxc6 6. e5 Ne4 7. Qf3 Ng5 8.
Qh5 Ne6 9. f4 Nd4 10. Bd3 g6 11. Qd1 Bc5 12. Nc3 a5 13. Ne4 Be7 14. O-O d5 15.
Ng3 O-O 16. f5 Bg5 17. f6 Bxc1 18. Qxc1 Kh8 19. Rf4 Rg8 20. Rxd4 Qf8 21. Rh4
Rb8 22. a3 c5 23. c3 Bd7 24. Rh6 Rxb2 25. Qg5 c4 26. Qh4 Rg7 27. fxg7+ Qxg7 28.
Qd8+ Qg8 29. Qxg8+ Kxg8 30. Rb1 Ra2 31. Be2 Rxa3 32. Rd1 c6 33. Bxc4 Rxc3 34.
Bxd5 Be8 35. Ne4 Rc2 36. Nf6+ Kf8 37. Be4 Rc4 38. Rd8 1-0

[Event "8�me open de Quimper 2017"]
[Site "Quimper"]
[Date "2017.10.28"]
[Round "6.5"]
[White "Le Guehennec, Jean-Marc"]
[Black "Donchez, Gilbert"]
[Result "1/2-1/2"]
[WhiteElo "1838"]
[BlackElo "1502"]
[PlyCount "98"]
[EventDate "2017.??.??"]

1. e4 d6 2. d4 Nf6 3. Nc3 g6 4. f4 Bg7 5. Nf3 O-O 6. Be2 Nbd7 7. e5 Ne8 8. g4
c5 9. Be3 cxd4 10. Bxd4 dxe5 11. fxe5 Qa5 12. Bb5 a6 13. Bxd7 Bxd7 14. h3 Bc6
15. Qe2 Bxf3 16. Qxf3 Bxe5 17. O-O-O Nd6 18. Qd5 Qxd5 19. Nxd5 Bxd4 20. Nxe7+
Kg7 21. Rxd4 Rfe8 22. Nd5 Nb5 23. Rd2 Re4 24. Rhd1 Rae8 25. b3 Re1 26. c4 Rxd1+
27. Kxd1 Na7 28. a3 Nc6 29. Rd3 Re4 30. Nc3 Rd4 31. Kd2 Rxd3+ 32. Kxd3 Kf6 33.
Ne4+ Ke7 34. Nc5 Nd8 35. Ke4 Kd6 36. b4 a5 37. Nd3 axb4 38. axb4 b6 39. g5 Ke6
40. c5 bxc5 41. Nxc5+ Kd6 42. Nd3 Kc6 43. Ke5 Kb5 44. Kf6 Kc6 45. Ne5+ Kd5 46.
Nxf7 Ne6 47. Ne5 Nf4 48. Nf7 Nxh3 49. b5 Nxg5 1/2-1/2

[Event "8�me open de Quimper 2017"]
[Site "Quimper"]
[Date "2017.10.28"]
[Round "6.6"]
[White "Oney, Remel"]
[Black "Rannou, Noel"]
[Result "1-0"]
[WhiteElo "1826"]
[BlackElo "1457"]
[PlyCount "59"]
[EventDate "2017.??.??"]

1. d4 e6 2. Nf3 Nf6 3. Bf4 d6 4. e3 Be7 5. h3 Nbd7 6. Be2 O-O 7. Nbd2 e5 8.
dxe5 dxe5 9. Nxe5 Bd6 10. Nxd7 Qxd7 11. Bxd6 Qxd6 12. Nc4 Qc5 13. Qd4 Qg5 14.
Bf3 c6 15. h4 Qf5 16. O-O-O Be6 17. Ne5 Bd5 18. g4 Qe6 19. Bxd5 Nxd5 20. h5 Nb4
21. Qxb4 Qxe5 22. h6 g6 23. Qd4 f6 24. Qc4+ Rf7 25. Rd7 Raf8 26. Rhd1 Qb8 27.
Rxf7 Rxf7 28. Rd7 Qe8 29. Rxb7 Kf8 30. Qb4+ 1-0

[Event "8�me open de Quimper 2017"]
[Site "Quimper"]
[Date "2017.10.28"]
[Round "6.7"]
[White "Cresswell, Patrick"]
[Black "Delaire, Eric"]
[Result "1-0"]
[WhiteElo "1483"]
[BlackElo "1727"]
[PlyCount "141"]
[EventDate "2017.??.??"]

1. d4 Nf6 2. Bf4 c5 3. e3 cxd4 4. exd4 Nc6 5. d5 Qa5+ 6. Nc3 Nb4 7. Bc4 Qc5 8.
Bb3 d6 9. a3 Na6 10. Qe2 Bd7 11. Rd1 g6 12. Nf3 Nh5 13. Be3 Qc7 14. O-O Bg7 15.
Nb5 Bxb5 16. Qxb5+ Qd7 17. Qxd7+ Kxd7 18. Ba4+ Kd8 19. Ng5 Kc7 20. c3 Raf8 21.
Rfe1 h6 22. Nf3 b6 23. Bd4 Kd8 24. Bxg7 Nxg7 25. Nd4 Nb8 26. Re2 f6 27. Rde1
Rf7 28. Bc2 f5 29. Ba4 Rh7 30. Bb3 Nh5 31. g3 Nf6 32. Ne6+ Kc8 33. f3 Nfd7 34.
Nd4 Nc5 35. Bc2 Ncd7 36. b4 Ne5 37. f4 Ned7 38. Bb3 Nf6 39. Bc2 Kb7 40. c4 a6
41. Ne6 Kc8 42. a4 Nbd7 43. Bd3 a5 44. bxa5 bxa5 45. Rb1 h5 46. Ng5 Nc5 47.
Nxh7 Rxh7 48. Bc2 Nfe4 49. Bxe4 Nxe4 50. Reb2 Nc5 51. Rb5 Kc7 52. Rxa5 h4 53.
Ra7+ Kc8 54. Re1 Ne4 55. Rb1 hxg3 56. hxg3 Nxg3 57. Ra8+ Kc7 58. Rbb8 Ne2+ 59.
Kf2 Nxf4 60. Rh8 Rxh8 61. Rxh8 Nd3+ 62. Ke2 Nb2 63. Re8 Nxc4 64. Rxe7+ Kb6 65.
Re6 Kc5 66. Rxg6 Kxd5 67. Rg1 Nb6 68. a5 Nc4 69. a6 Nb6 70. Rc1 f4 71. a7 1-0

[Event "8�me open de Quimper 2017"]
[Site "Quimper"]
[Date "2017.10.28"]
[Round "6.8"]
[White "Major, Frederic"]
[Black "Collin, Jean-Philippe"]
[Result "1/2-1/2"]
[WhiteElo "1747"]
[BlackElo "1737"]
[PlyCount "78"]
[EventDate "2017.??.??"]

1. c4 Nf6 2. Nf3 c6 3. d4 d5 4. e3 g6 5. Nc3 Bg7 6. Bd3 O-O 7. O-O Re8 8. b3
Nbd7 9. Bb2 Nf8 10. Qc2 Ng4 11. h3 Nh6 12. Rad1 Bf5 13. e4 dxe4 14. Nxe4 Qc8
15. h4 Qc7 16. Ng3 Bxd3 17. Rxd3 Rad8 18. h5 Ne6 19. hxg6 hxg6 20. Rfd1 Ng4 21.
Bc1 Bf6 22. d5 cxd5 23. Rxd5 Rxd5 24. Rxd5 Rd8 25. Qe4 Rxd5 26. Qxd5 Qb6 27.
Ne4 Bd4 28. Nxd4 Qxd4 29. Qxd4 Nxd4 30. Bb2 Ne6 31. b4 Kf8 32. Kf1 Ke8 33. Ke2
Kd7 34. f3 Nh6 35. g3 f5 36. Nf2 Nf7 37. Nd3 Kd6 38. Ke3 a6 39. a4 b6 {(=)}
1/2-1/2

[Event "8�me open de Quimper 2017"]
[Site "Quimper"]
[Date "2017.10.28"]
[Round "6.9"]
[White "Donchez, Christophe"]
[Black "Taher, Sinane"]
[Result "0-1"]
[WhiteElo "1853"]
[BlackElo "1554"]
[PlyCount "121"]
[EventDate "2017.??.??"]

1. d4 Nf6 2. Nf3 e6 3. Bf4 c5 4. e3 Nc6 5. c3 d5 6. Bd3 c4 7. Bc2 Bd6 8. Bg5
O-O 9. Nbd2 e5 10. e4 exd4 11. cxd4 dxe4 12. Nxe4 Bb4+ 13. Kf1 Be7 14. Be3 Nd5
15. Ned2 b5 16. h3 f5 17. g3 Qd6 18. Qe2 c3 19. bxc3 Nxc3 20. Qd3 b4 21. Bb3+
Be6 22. Nc4 Qd8 23. Kg2 Bd5 24. Ncd2 Kh8 25. Bxd5 Qxd5 26. Qc4 Rae8 27. Qxd5
Nxd5 28. Rhe1 Bf6 29. Nb3 h6 30. Nc5 Rf7 31. a3 bxa3 32. Rxa3 f4 33. Bd2 Rxe1
34. Bxe1 Nxd4 35. Nxd4 Bxd4 36. Ne6 Bb2 37. Rd3 Rf6 38. Nxg7 fxg3 39. fxg3 Rd6
40. Nh5 Be5 41. Kf3 Kh7 42. Ra3 Kg6 43. Nf4+ Nxf4 44. gxf4 Rf6 {(=)} 45. Bg3
Bd4 46. Ke4 Bb6 47. Rd3 a5 48. Bh4 Re6+ 49. Kf3 h5 50. Be7 Ba7 51. Bd6 Bb6 52.
Be5 Bc5 53. Ke4 Re8 54. Rg3+ Kh6 55. f5 h4 56. Rg6+ Kh5 57. Kd5 a4 58. Bf4 Bf8
59. Rg8 Rd8+ 60. Ke6 a3 61. Rh8+ 0-1

[Event "8�me open de Quimper 2017"]
[Site "Quimper"]
[Date "2017.10.28"]
[Round "6.10"]
[White "Lemoine, Norbert"]
[Black "Vigouroux, Johann"]
[Result "0-1"]
[WhiteElo "1222"]
[BlackElo "1754"]
[PlyCount "37"]
[EventDate "2017.??.??"]

1. e4 c5 2. Nf3 Nc6 3. d4 cxd4 4. Nxd4 Nf6 5. Nc3 e5 6. Nb3 Bb4 7. Bg5 h6 8.
Bxf6 Qxf6 9. Qd2 O-O 10. O-O-O a5 11. f3 a4 12. Na1 Nd4 13. a3 Ba5 14. Bc4 b5
15. Ba2 Bb7 16. Qe3 Qb6 17. Kb1 Qg6 18. b4 Bb6 19. Nxb5 0-1

[Event "8�me open de Quimper 2017"]
[Site "Quimper"]
[Date "2017.10.28"]
[Round "6.11"]
[White "Duval, Lucie"]
[Black "Chachiachvili, Mariam"]
[Result "0-1"]
[WhiteElo "1188"]
[BlackElo "1752"]
[PlyCount "132"]
[EventDate "2017.??.??"]

1. e4 e5 2. Nf3 Nc6 3. Bb5 d6 4. d4 Bd7 5. Nc3 Nf6 6. O-O exd4 7. Nxd4 Nxd4 8.
Bxd7+ Qxd7 9. Qxd4 Be7 10. b3 c6 11. Re1 O-O 12. Bb2 Rfd8 13. Rad1 Bf8 14. Ne2
Nh5 15. c4 Qg4 16. Rd3 Qe6 17. Ng3 c5 18. Qd5 Qxd5 19. exd5 Nxg3 20. Rxg3 Re8
21. Rge3 Rxe3 22. Rxe3 f6 23. h3 Kf7 24. a3 Re8 25. Rxe8 Kxe8 26. b4 b6 27. b5
Kf7 28. Kf1 g6 29. Ke2 Bh6 30. a4 Bf4 31. g3 Bh6 32. Bc3 f5 33. a5 Ke7 34. f3
Bg5 35. axb6 axb6 36. h4 Bf6 37. Bxf6+ Kxf6 38. Kd3 g5 39. h5 Ke5 40. Ke3 f4+
41. gxf4+ gxf4+ 42. Kd3 h6 43. Kc3 Kf6 44. Kd3 Kf5 45. Ke2 Kg5 46. Kf2 Kxh5 47.
Kg2 Kg5 48. Kh3 h5 49. Kg2 Kf5 50. Kh3 Ke5 51. Kh4 Kd4 52. Kxh5 Kxc4 53. Kg4
Kxd5 54. Kxf4 c4 55. Ke3 Ke5 56. f4+ Kf5 57. Kd4 Kxf4 58. Kxc4 Ke4 59. Kc3 Kd5
60. Kd3 Kc5 61. Ke4 Kxb5 62. Kd5 Ka4 63. Kxd6 b5 64. Kd5 Ka3 65. Kd4 b4 66. Kd3
Kb2 0-1

[Event "8�me open de Quimper 2017"]
[Site "Quimper"]
[Date "2017.10.28"]
[Round "6.12"]
[White "Ottl, Eric"]
[Black "Betsch, Eric"]
[Result "1/2-1/2"]
[WhiteElo "1587"]
[BlackElo "1494"]
[PlyCount "114"]
[EventDate "2017.??.??"]

1. g3 e5 2. Bg2 Nf6 3. d3 Nc6 4. Nd2 d5 5. c4 Be6 6. cxd5 Bxd5 7. Ne4 Bxe4 8.
dxe4 Qxd1+ 9. Kxd1 O-O-O+ 10. Kc2 Kb8 11. Bg5 Be7 12. e3 Rd6 13. Bf3 Rhd8 14.
Rf1 Nb4+ 15. Kb1 Rd2 16. Nh3 h6 17. Bxf6 Bxf6 18. Rd1 g5 19. Rxd2 Rxd2 20. Rd1
Rxd1+ 21. Bxd1 Be7 22. Be2 c5 23. a3 Nc6 24. Bc4 f6 25. Ng1 a6 26. Bd5 Kc7 27.
Ne2 b5 28. g4 c4 29. Ng3 Kb6 30. Nf5 Bf8 31. Kc2 a5 32. Kc3 Kc5 33. Bxc6 Kxc6
34. a4 Kc5 35. axb5 Kxb5 36. h4 Kc5 37. b3 cxb3 38. Kxb3 a4+ 39. Kxa4 Kc4 40.
hxg5 hxg5 41. Ng3 Bb4 42. Nh5 Be7 43. Ka5 Kd3 44. Ng3 Kd2 45. Kb5 Ke1 46. Kc6
Kxf2 47. Nf5 Bf8 48. Kd7 Kf3 49. Ke8 Bc5 50. Kf7 Bxe3 51. Kxf6 Bf4 52. Nd6 Kxg4
53. Nf7 Kf3 54. Nxg5+ Bxg5+ 55. Kxe5 Bf4+ 56. Kf5 Bh2 57. e5 Bxe5 1/2-1/2

[Event "8�me open de Quimper 2017"]
[Site "Quimper"]
[Date "2017.10.28"]
[Round "6.13"]
[White "Ollivier, Alain"]
[Black "Beaudouin, Damien"]
[Result "1-0"]
[WhiteElo "1556"]
[BlackElo "1242"]
[PlyCount "73"]
[EventDate "2017.??.??"]

1. e4 d6 2. d4 Nf6 3. Nc3 g6 4. f3 Bg7 5. Be3 O-O 6. Qd2 c6 7. O-O-O b5 8. Kb1
b4 9. Nce2 a5 10. h4 Nfd7 11. Bh6 Na6 12. Bxg7 Kxg7 13. h5 a4 14. hxg6 hxg6 15.
Qh6+ Kf6 16. e5+ dxe5 17. dxe5+ Nxe5 18. Rxd8 Rxd8 19. Qf4+ Ke6 20. Nd4+ Kd6
21. Nh3 f6 22. Nf2 Nc7 23. Ne4+ Kd5 24. Nf2 Kc5 25. Ne2 Nd5 26. Qc1 Bf5 27. Ng3
Nc3+ 28. bxc3 bxc3 29. Nxf5 Rab8+ 30. Ka1 gxf5 31. Nd3+ Kd6 32. Nxe5 fxe5 33.
Bc4 Rb2 34. Rd1+ Kc7 35. Rxd8 Kxd8 36. Qd1+ Kc7 37. Qd3 1-0

[Event "8�me open de Quimper 2017"]
[Site "Quimper"]
[Date "2017.10.28"]
[Round "6.14"]
[White "Menez, Jean-Pierre"]
[Black "Kerbaol, Jacques"]
[Result "0-1"]
[WhiteElo "1399"]
[BlackElo "1460"]
[PlyCount "93"]
[EventDate "2017.??.??"]

1. d4 Nf6 2. Bf4 d5 3. e3 e6 4. Nf3 c5 5. c3 Bd6 6. Bg3 O-O 7. Ne5 Bd7 8. Bd3
cxd4 9. exd4 a6 10. Nd2 Qb6 11. b3 Rc8 12. Bxh7+ Nxh7 13. c4 Bb4 14. Nef3 dxc4
15. O-O Bxd2 16. Qxd2 cxb3 17. axb3 Nc6 18. h3 Nb4 19. Rfc1 Nd5 20. Kh2 Rxc1
21. Rxc1 Qd8 22. h4 Rc8 23. Ne1 Nhf6 24. Nf3 Ne4 25. Qe1 Rxc1 26. Qxc1 Nxg3 27.
Kxg3 Qc7+ 28. Qxc7 Nxc7 29. Ne5 Bb5 30. Kf4 Nd5+ 31. Kg3 Nc3 32. Kf3 Bc6+ 33.
Ke3 Bxg2 34. Kd2 Nb5 35. Ke1 Nxd4 36. b4 Nc2+ 37. Kd2 Nxb4 38. Kc3 Nc6 39. Nd7
Bf3 40. Nc5 Ne7 41. Kb4 Nf5 42. Ka5 Nxh4 43. Kb6 Ng2 44. Nxb7 Bxb7 45. Kxb7 a5
46. Kb6 a4 47. Kb5 0-1

[Event "8�me open de Quimper 2017"]
[Site "Quimper"]
[Date "2017.10.28"]
[Round "6.15"]
[White "Lebon, Marc"]
[Black "Le Coz, Yannick"]
[Result "0-1"]
[WhiteElo "1180"]
[BlackElo "1300"]
[PlyCount "100"]
[EventDate "2017.??.??"]

1. e4 e5 2. Nc3 Nf6 3. Nf3 Nc6 4. Bc4 Be7 5. O-O d6 6. d3 Bg4 7. Be3 Nd4 8.
Bxd4 exd4 9. Nd5 Nxd5 10. Bxd5 c6 11. Bc4 d5 12. Bb3 Bb4 13. Rc1 O-O 14. c3 Ba5
15. Re1 dxc3 16. bxc3 Qf6 17. d4 Bxf3 18. Qxf3 Qxf3 19. gxf3 Rad8 20. e5 Rfe8
21. Kh1 Re6 22. Re3 Rh6 23. Rg1 Bc7 24. f4 f6 25. Reg3 Rd7 26. Bc2 Re7 27. Bb3
fxe5 28. dxe5 b5 29. a4 a6 30. Rg4 Rh5 31. Re1 Re6 32. Reg1 g6 33. h4 Bd8 34.
R1g3 Rxh4+ 35. Rxh4 Bxh4 36. Rg2 Kf7 37. Kh2 h6 38. Kh3 g5 39. Bc2 c5 40. Bf5
Rb6 41. a5 Rc6 42. Kg4 b4 43. e6+ Kf6 44. f3 h5+ 45. Kxh5 Kxf5 46. e7 Re6 47.
cxb4 cxb4 48. Rb2 Rxe7 49. Rxb4 Re8 50. fxg5 Bxg5 0-1